[Event "Mittelfranken Mitte-ch 0102"]
[Site "Zirndorf"]
[Date "2002.??.??"]
[Round "2"]
[White "Krasnikov, Stephan"]
[Black "Chadwell, Eugene"]
[Result "0-1"]
[WhiteElo "1428"]
[BlackElo "1718"]
[PlyCount "37"]
[EventDate "2002.01.12"]
[EventType "swiss"]
[EventRounds "7"]
[EventCountry "GER"]
[SourceTitle "EXT 2015"]
[Source "ChessBase"]
[SourceDate "2014.11.20"]
[SourceVersion "1"]
[SourceVersionDate "2014.11.20"]
[SourceQuality "1"]

1. e4 c5 2. Nf3 Nc6 3. Bc4 e6 4. c3 d5 5. exd5 exd5 6. Qe2+ Be7 7. Bb5 Nf6 8. d4 0-0 9. 0-0 Bg4 10. Be3 Qb6 11. Nbd2 Rfe8 12. Rfe1 Bd6 13. Qf1 c4 14. Bxc6 bxc6 15. Rab1 Qc7 16. b3 Bf5 17. Ra1 Bd3 18. Re2 Ne4 19. Qd1 0-1

[Event "Mittelfranken Mitte-ch 0102"]
[Site "Zirndorf"]
[Date "2002.??.??"]
[Round "7"]
[White "Krasnikov, Stephan"]
[Black "Pilch, Jan"]
[Result "0-1"]
[WhiteElo "1428"]
[BlackElo "1517"]
[PlyCount "66"]
[EventDate "2002.01.12"]
[EventType "swiss"]
[EventRounds "7"]
[EventCountry "GER"]
[SourceTitle "EXT 2015"]
[Source "ChessBase"]
[SourceDate "2014.11.20"]
[SourceVersion "1"]
[SourceVersionDate "2014.11.20"]
[SourceQuality "1"]

1. e4 e5 2. Nf3 Nc6 3. d4 exd4 4. Nxd4 Nf6 5. Nxc6 bxc6 6. Bd3 d6 7. Nc3 Be7 8. 0-0 0-0 9. Qf3 Ng4 10. h3 Ne5 11. Qe2 Bb7 12. Bf4 Ng6 13. Be3 Re8 14. f3 Bf6 15. Nd1 d5 16. Qf2 d4 17. Bd2 Qd6 18. a3 Bh4 19. Qe2 Nf4 20. Bxf4 Qxf4 21. Nf2 c5 22. Rfc1 Bd5 23. c3 c4 24. Qd1 Bxf2+ 25. Kxf2 Qe3+ 26. Kf1 cxd3 27. exd5 d2 28. Rc2 Qd3+ 29. Kf2 Re1 30. Rxd2 Qe3+ 31. Kg3 Rxd1 32. Raxd1 dxc3 33. Rd3 c2 0-1